Flaggen Süd- und Nordamerikas (alphabetische Reihenfolge) - Statistics

General Stats
  • This quiz has been taken 19 times
  • The average score is 27 of 35
Answer Stats
Picture Answer % Correct
Argentinien
100%
Belize
100%
Brasilien
100%
Chile
100%
Costa Rica
100%
Jamaika
100%
Kanada
100%
Kolumbien
100%
Mexiko
100%
Bahamas
92%
Barbados
92%
Bolivien
92%
Dominikanische Republik
92%
Kuba
92%
Ecuador
83%
Panama
83%
Peru
83%
Vereinigte Staaten
83%
Dominica
75%
Honduras
75%
Uruguay
75%
Grenada
67%
Guatemala
67%
Guyana
67%
Haiti
67%
Nicaragua
67%
Paraguay
67%
Suriname
67%
Venezuela
67%
St. Lucia
58%
Trinidad und Tobago
58%
Antigua und Barbuda
50%
El Salvador
50%
St. Kitts und Nevis
25%
St. Vincent und die Grenadinen
25%
No matching quizzes found
Score Distribution
Percent of People with Each Score
Percentile by Number Answered
Your Score History
You have not taken this quiz